|
|
|
|
| LEADER |
00760nta a2200193 i 4500 |
| 001 |
dipl71297 |
| 005 |
20180523084455.0 |
| 008 |
180523s2014 hu om 0|| zxx d |
| 040 |
|
|
|a SZTE Diploma Repozitórium
|b hun
|
| 041 |
|
|
|a zxx
|
| 100 |
1 |
|
|a Vadkerti Ágnes
|
| 245 |
1 |
2 |
|a A tardi löszgyep hosszú távú vegetációdinamikai vizsgálata
|h [elektronikus dokumentum] /
|c Ágnes Vadkerti
|
| 246 |
1 |
0 |
|a The Long-term Vegetation Dynamics of a Loess Grassland in Tard
|h [elektronikus dokumentum]
|
| 260 |
|
|
|c 2014
|
| 650 |
|
4 |
|a Természettudományok
|
| 650 |
|
4 |
|a Natural sciences
|
| 700 |
0 |
1 |
|a Somodi Imelda
|e ths
|
| 700 |
0 |
1 |
|a Körmöczi László
|e ths
|
| 856 |
4 |
0 |
|u https://diploma.bibl.u-szeged.hu/id/eprint/71297/1/2016_Vadkerti_%C3%81gnes_IRGNFT_SZ.pdf
|z Dokumentum-elérés
|